A state - of - the art report on some recent forestry policies, initiatives and achievements in indonesia : concepts, strategies and actions for sustainable forest management and forestry development towerds 21st century

Bibliographic Details
Corporate Author: Ministry of Forestry of The Republic of Indonesia
Other Authors: Nasendi, B.D
Format: Book
Published: Indonesia : Ministry of Forestry of The Republic of Indonesia , 1997
Subjects:

MARC

LEADER 00000cam a2200000 7i4500
001 0000003424
005 20060317.0
020 0 0 |a 9796060086 
090 0 0 |a 634.90959843   |b STA 
245 1 0 |a A state - of - the art report on some recent forestry policies, initiatives and achievements in indonesia :   |b concepts, strategies and actions for sustainable forest management and forestry development towerds 21st century   |c edited by B.D. Nasendi 
260 0 0 |a Indonesia :   |b Ministry of Forestry of The Republic of Indonesia ,   |c 1997 
300 |a xi, 301 p. :   |b ill ;   |c 24 cm. 
650 0 0 |a Forest and Forestry   |x congress 
650 0 0 |a Forest Management   |x congress 
700 1 1 |a Nasendi, B.D. 
710 2 1 |a Ministry of Forestry of The Republic of Indonesia 
999 |a 0000006494   |b Monograph   |c Open Shelf   |e Default branch